NFL Cornerbacks Quiz - Statistics

General Stats
  • This quiz has been taken 21 times
  • The average score is 10 of 16
Answer Stats
Picture Answer % Correct
Ramsey
100%
Revis
100%
Sanders
95%
Sherman
90%
Peterson
75%
Talib
70%
Woodson
70%
Lane
65%
Blount
55%
Law
55%
Woodson
50%
Barber
45%
Williams
35%
Asomugha
20%
Bailey
20%
Hayes
20%
No matching quizzes found
Score Distribution
Percent of People with Each Score
Percentile by Number Answered
Your Score History
You have not taken this quiz